000 00468nam a2200181Ia 4500
005 20240723102403.0
008 131103s9999 xx 000 0 und d
040 _aLoreto College
041 _aEnglish
082 _a821
_bTAG
100 _aTagore, Rabindranath
245 4 _aThe herald of spring
_b poems from mohua
_cRabindranath Tagore
260 _aLondon
_bJohn Murray
_c1957
300 _a83p.
650 _aEnglish poetry
850 _aLCBED
942 _cBK
999 _c29489
_d79968